| 000 | 00977nam a2200289 i 4500 | ||
|---|---|---|---|
| 001 | bg | ||
| 003 | BPK | ||
| 005 | 20190830143545.0 | ||
| 008 | 980410s1998 pl a f f |000 0 pol | ||
| 015 | _aPB 1998/3949 | ||
| 020 | _a8301124237 | ||
| 040 |
_aWA N _cBPK |
||
| 080 | _a624.131 | ||
| 080 | _a(075.8) | ||
| 100 | 1 |
_aMyślińska, Elżbieta _d(1935- ). _eAutor |
|
| 245 | 1 | 0 |
_aLaboratoryjne badania gruntów / _cElżbieta Myślińska. |
| 250 | _aWyd. 2 zm. i rozsz. | ||
| 260 |
_aWarszawa : _bWydaw. Naukowe PWN, _c1998. |
||
| 300 |
_a277, [2], 17 s. : _bfot., mapy, rys., wykr. ; _c24 cm. |
||
| 504 | _aBibliogr. s. 272-275, wykaz norm s. 276-[278]. | ||
| 650 | 4 |
_aGrunt _xbadanie. |
|
| 655 | 4 | _aPodręczniki akademickie | |
| 650 | 4 | _aGeologia inżynierska | |
| 710 | 2 |
_aWydawnictwo Naukowe PWN _4pbl. |
|
| 856 |
_uhttp://koha.tu.koszalin.pl/cgi-bin/koha/opac-detail.pl?biblionumber=33635 _yKatalog online BPK |
||
| 942 |
_2UKD _cKS |
||
| 999 |
_c33635 _d33635 |
||